[Event "Hajduszoboszlo op 2nd"]
[White "Csirkes, Andras"]
[Black "Balazs, Marcell"]
[Site "Hajduszoboszlo"]
[Round "7"]
[Result "1-0"]
[Date "2024.02.11"]
[WhiteElo "1691"]
[BlackElo "1935"]
[PlyCount "55"]
[EventDate "2024.02.08"]
[EventType "swiss"]
[EventRounds "7"]
[EventCountry "HUN"]
[SourceTitle "EXT 2025"]
[Source "ChessBase"]
[SourceDate "2024.10.14"]
[SourceVersion "1"]
[SourceVersionDate "2024.10.14"]
[SourceQuality "1"]

1. e4 c5 2. Nf3 d6 3. d4 cxd4 4. Qxd4 Nc6 5. Bb5 Bd7 6. Bxc6 Bxc6 7. Nc3 Nf6 8. Bg5 Qa5 9. Bxf6 gxf6 10. 0-0-0 0-0-0 11. Qc4 e6 12. Nd4 Qb6 13. Nxc6 bxc6 14. Qd4 Be7 15. Rhe1 Rhg8 16. g3 d5 17. exd5 cxd5 18. Qxb6 axb6 19. Nxd5 Bc5 20. Nxf6 Bxf2 21. Nxg8 Bxe1 22. Ne7+ Kc7 23. Rxe1 Kd7 24. Nf5 exf5 25. Rd1+ Ke7 26. Rxd8 Kxd8 27. Kd2 Ke7 28. Ke3 1-0